[Event "Bad Woerishofen op"]
[Site "Bad Woerishofen"]
[Date "2001.??.??"]
[Round "2"]
[White "Klein, Thomas"]
[Black "Zunker, Reinhard"]
[Result "0-1"]
[WhiteElo "1602"]
[BlackElo "2234"]
[Annotator "ChessOrg"]
[PlyCount "40"]
[EventDate "1998.03.05"]
[Source "ChessBase"]
[SourceDate "1998.04.29"]

1. e4 {B06: Moderne Verteidigung} 1... g6 2. Nf3 Bg7 3. Bc4 c6 4. O-O {
letzter Buchzug} 4... d6 5. d3 Nf6 6. Nc3 O-O 7. h3 b5 8. Bb3 Nbd7 9. d4 (9.
Be3 $5 $11) 9... b4 $15 10. e5 bxc3 (10... dxe5 11. dxe5 bxc3 12. exf6 Bxf6 13.
Rb1 $15) 11. exf6 cxb2 12. Bxb2 Bxf6 13. Re1 d5 14. Qc1 a5 15. a4 e6 16. c4 (
16. Rb1 16... Bg7 $15) 16... Ba6 17. c5 Re8 18. Qe3 (18. Qc2 $5 $17) 18... Nxc5
$1 $19 19. Bc2 Nd7 20. Ra3 (20. Rab1 20... Rc8 $19) 20... c5 (20... c5 21. Qd2
Nb6 22. Qxa5 Nc4 23. Qxd8 23... Rexd8 $19) 0-1

[Event "Bad Woerishofen op"]
[Site "Bad Woerishofen"]
[Date "2001.??.??"]
[Round "4"]
[White "Klein, Thomas"]
[Black "Becker, Thomas"]
[Result "0-1"]
[WhiteElo "1496"]
[BlackElo "2178"]
[Annotator "ChessOrg"]
[PlyCount "52"]
[EventDate "1998.03.05"]
[Source "ChessBase"]
[SourceDate "1998.04.29"]

1. e4 {B40: Sizilianisch (Klassisches System mit e7-e6))} 1... c5 2. Nf3 e6 3.
d4 cxd4 4. Nxd4 Bc5 5. Nc3 Qb6 6. Na4 Qa5+ 7. c3 Bxd4 8. Qxd4 8... e5 {
letzter Buchzug} 9. Qd1 Nf6 10. f3 O-O 11. Be3 (11. Bg5 11... Nc6 $14) 11... d6
12. b4 Qc7 13. Qd2 Be6 14. Nb2 (14. c4 14... Rc8 $11) 14... d5 15. exd5 Nxd5
16. Bc5 (16. Nd1 16... a5 $11) 16... Rd8 $17 17. Rd1 b6 (17... Nd7 18. c4 Nxc5
19. cxd5 Rxd5 20. Qe3 $19) 18. c4 (18. Bf2 $5 18... Nc6 19. Bd3 $15) 18... bxc5
$17 19. cxd5 Rxd5 (19... Bxd5 $143 20. Bc4 Nc6 21. Bxd5 Nxb4 22. Bxa8 Rxd2 23.
Rxd2 Nxa2 24. Nc4 $16) 20. Qc2 Rxd1+ (20... Nc6 21. Rxd5 Nxb4 22. Qxc5 Nxd5 23.
Qxc7 Nxc7 24. a4 $17) 21. Nxd1 $17 21... Nd7 22. Bd3 Nf6 23. Nf2 c4 24. O-O Qb6
25. Bxc4 $2 (25. Bf5 $19 $142) 25... Rc8 (25... Qxb4 $6 26. Bxe6 fxe6 27. Rb1
$11) 26. Rc1 (26. a3 Rxc4 27. Qe2 27... Nd7 $19) 26... Rxc4 (26... Rxc4 27. Qb2
Rxc1+ 28. Qxc1 28... Qxb4 $19) (26... Bxc4 $143 27. Qf5 Qe6 28. Qxe6 Bxe6 29.
Rxc8+ Bxc8 30. Nd3 $19) 0-1

[Event "Bad Woerishofen op"]
[Site "Bad Woerishofen"]
[Date "2001.??.??"]
[Round "6"]
[White "Klein, Thomas"]
[Black "Valent, Peter"]
[Result "1/2-1/2"]
[WhiteElo "1496"]
[BlackElo "2074"]
[Annotator "ChessOrg"]
[PlyCount "65"]
[EventDate "1998.03.05"]
[Source "ChessBase"]
[SourceDate "1998.04.29"]

1. e4 {B50: Sizilianisch (Verschiedenes mit 2...d6)} 1... c5 2. Nf3 d6 3. c3
Nf6 4. Bc4 4... Nxe4 {letzter Buchzug} 5. Qa4+ Nc6 6. Bxf7+ Kxf7 7. Qxe4 e6 8.
d3 h6 9. O-O Be7 10. Re1 d5 11. Qe2 Bd6 12. Na3 a6 13. Nc2 Rf8 14. Ne3 Kg8 15.
Ng4 Bd7 16. Nfe5 Nxe5 17. Nxe5 Bxe5 (17... Be8 18. h3 $11) 18. Qxe5 Rf5 19. Qg3
Kh7 20. Bf4 Qf6 21. Be5 Qf7 22. d4 c4 23. f4 g5 24. fxg5 Rxg5 25. Rf1 Rf5 26.
Rf4 Rg8 27. Qf2 Rxf4 28. Qxf4 Qxf4 29. Bxf4 Rf8 30. Be5 Kg6 31. Rf1 Rxf1+ 32.
Kxf1 Kf5 33. Kf2 1/2-1/2

[Event "Bad Woerishofen op"]
[Site "Bad Woerishofen"]
[Date "2001.??.??"]
[Round "8"]
[White "Klein, Thomas"]
[Black "Eschle, Hubert"]
[Result "1/2-1/2"]
[WhiteElo "1496"]
[BlackElo "1875"]
[Annotator "ChessOrg"]
[PlyCount "112"]
[EventDate "1998.03.05"]
[Source "ChessBase"]
[SourceDate "1998.04.29"]

1. e4 {B22: Sizilianisch (Alapin 2.c3)} 1... c5 2. c3 d5 3. e5 Nc6 4. d4 4...
cxd4 {letzter Buchzug} 5. cxd4 Bf5 6. Nf3 e6 7. Nc3 Bb4 8. a3 Ba5 9. Be2 Nge7
10. O-O O-O 11. b4 Bc7 12. Nh4 (12. Be3 12... Rc8 $11) 12... a6 (12... Nxd4 $5
$142 13. Bf4 Nec6 14. Nxf5 14... Nxf5 $19 (14... exf5 $143 15. b5 Nxe2+ 16.
Qxe2 $15) (14... Nxe2+ $6 15. Qxe2 exf5 16. Rfd1 $15)) 13. Be3 $11 (13. Nxf5
$143 13... Nxf5 (13... exf5 $143 14. b5 axb5 15. Nxb5 $14) 14. Be3 14... f6 $17
(14... Nxe3 $6 15. fxe3 f6 16. Bg4 $11)) 13... f6 14. f4 (14. Nxf5 Nxf5 15. b5
axb5 16. exf6 Qxf6 17. Nxb5 17... Bb6 $15 (17... Nxe3 $143 18. fxe3 Bxh2+ 19.
Kxh2 Qh6+ 20. Kg3 $11)) 14... Ng6 (14... Be4 $11 $142) 15. Nxf5 $16 15... exf5
(15... fxe5 16. fxe5 Rxf5 17. Rxf5 exf5 18. Bf3 $16) 16. Qb3 (16. Bf3 Nce7 17.
Qb3 17... Kh8 $18) 16... Nge7 (16... Bb6 $5 17. Qxd5+ 17... Kh8 $14) 17. Bf3
fxe5 (17... Bb6 $5 18. Bxd5+ 18... Kh8 $16) 18. Nxd5 $18 18... Nxd5 19. Bxd5+
Kh8 20. dxe5 Qe8 (20... Rc8 $18 $142) 21. Bc5 Ne7 (21... Qg6 22. Bxf8 Rxf8 23.
Rac1 $18) 22. Bxb7 Rd8 (22... Rb8 23. Bxa6 Bb6 24. Bxb6 Rxb6 25. Bc4 $18) 23.
Rad1 (23. Bxa6 Rd2 24. Rad1 Rxd1 25. Rxd1 25... Rg8 $18) 23... g5 (23... a5 24.
Qe6 Ng6 25. Qxe8 Rfxe8 26. Bc6 Rxd1 27. Rxd1 $18 (27. Bxe8 $143 27... Rxf1+ 28.
Kxf1 28... Nxf4 $18)) 24. Qe6 Ng6 25. Qxe8 (25. Qxa6 Rf7 26. Bc6 26... Qg8 $18)
25... Rfxe8 26. fxg5 Nxe5 27. Bd4 (27. Rxd8 $142 27... Rxd8 28. Bxa6 $18) 27...
Rxd4 $16 28. Rxd4 Bb6 29. Rfd1 Rd8 30. Kf1 Rxd4 (30... Bxd4 $5 31. Bxa6 31...
Ng4 $14) 31. Rxd4 $16 31... Bxd4 32. Bxa6 Kg7 33. h4 Kg6 34. Be2 Be3 35. g3 Kf7
36. a4 Ke6 37. a5 Nc6 38. Bc4+ Ke7 39. Ke2 Bd4 40. Bg8 Nxb4 41. Bxh7 Ke6 42.
Kf3 (42. h5 Nc6 43. a6 43... Be5 $18) 42... Nd3 43. g4 Ne5+ 44. Kf4 fxg4 (44...
Nd3+ 45. Kg3 Be5+ 46. Kg2 Ne1+ 47. Kf1 fxg4 48. a6 $18) 45. Bf5+ Kf7 46. Bxg4
Nc6 47. Ke4 Bc3 (47... Bf2 48. h5 48... Nxa5 $18) 48. a6 Kg6 49. Kd5 (49. Bd7
Bd4 50. Bxc6 50... Ba7 $18) 49... Na7 (49... Nb4+ 50. Kc4 Nxa6 51. Kxc3 51...
Nb8 $18) 50. Ke4 (50. Be2 50... Kf5 $18) 50... Be1 $4 (50... Nc6 51. Bd7 Bd4
52. Bxc6 52... Ba7 $18) 51. Bf5+ $18 51... Kh5 52. g6 Bc3 53. Kd5 Kxh4 54. Ke6
Kg5 55. Kf7 $4 (55. Bd3 $18 $142) 55... Kxf5 $11 56. g7 Bxg7 1/2-1/2

[Event "Bad Woerishofen op"]
[Site "?"]
[Date "2001.??.??"]
[Round "1"]
[White "Kleinhenz, Hans-Georg"]
[Black "Farago, Ivan"]
[Result "0-1"]
[WhiteElo "2038"]
[BlackElo "2453"]
[Annotator "ChessOrg"]
[PlyCount "30"]
[EventDate "2000.??.??"]

1. d4 {E22: Nimzoindisch (4.Db3)} 1... Nf6 2. c4 e6 3. Nc3 Bb4 4. Qb3 c5 5.
dxc5 Bxc5 6. Bg5 {letzter Buchzug} 6... Bxf2+ $1 7. Kd1 (7. Kxf2 Ng4+ 8. Kg3
8... Qxg5 $17) 7... h6 8. Bxf6 Qxf6 (8... gxf6 $6 9. Ne4 Qb6 10. Nf3 Qxb3+ 11.
axb3 $11) 9. Nf3 Bc5 10. Ne4 Qe7 11. Qc3 O-O 12. Nxc5 Qxc5 13. b4 Qc7 14. e3 a5
15. b5 b6 (15... b6 16. Bd3 16... Bb7 $17) 0-1

[Event "Bad Woerishofen op"]
[Site "Bad Woerishofen"]
[Date "2001.??.??"]
[Round "3"]
[White "Kleinhenz, Hans-Georg"]
[Black "Oberhofer, Max"]
[Result "0-1"]
[WhiteElo "2038"]
[BlackElo "2219"]
[Annotator "ChessOrg"]
[PlyCount "80"]
[EventDate "1998.03.05"]
[Source "ChessBase"]
[SourceDate "1998.04.29"]

1. d4 {A65: Benoni} 1... Nf6 2. c4 e6 3. Nc3 c5 4. d5 exd5 5. cxd5 d6 6. e4 g6
7. Bd3 Bg7 8. f3 {letzter Buchzug} 8... O-O 9. Nge2 a6 10. a4 Nbd7 11. O-O Rb8
12. Rb1 Qc7 13. Be3 c4 14. Bc2 b5 15. axb5 axb5 16. b4 Ne5 (16... cxb3 $5 17.
Bd3 17... Qa5 $11) 17. Ra1 $16 17... Bd7 18. Ra5 Rb7 19. Qd2 Rc8 20. Nd4 Qd8
21. Rfa1 (21. Ncxb5 $6 21... c3 22. Qf2 22... Nc4 $11) 21... Nh5 22. Ra6 Qf6
23. R1a3 h6 24. Bxh6 (24. R3a5 $5 $16) 24... Bxh6 $14 25. Qxh6 Nd3 26. Qe3 Nxb4
27. Ra7 Rcb8 (27... Rcc7 28. Ra8+ Kh7 29. Bb1 $11) 28. Bb1 Kh7 (28... Nf4 $5
$142 29. Kh1 29... Nfd3 $14) 29. Nce2 $16 29... Qe5 30. Qd2 Nd3 31. Bxd3 cxd3
32. Qxd3 Nf4 (32... b4 33. Rxb7 Rxb7 34. Rb3 $18) 33. Nxf4 Qxf4 34. Rxb7 Rxb7
35. Qe3 Qf6 (35... Qxe3+ 36. Rxe3 b4 37. Rb3 $16) 36. Rb3 Ra7 37. Nc2 (37. Nxb5
Ra1+ 38. Qe1 Rxe1+ 39. Kf2 39... Rxe4 $19) 37... Ra2 38. Qd4 Qg5 39. Qe3 (39.
Ne3 Bh3 40. g3 40... Bd7 $16) 39... Qe5 (39... Qf6 40. Qc1 40... Qe5 $16) 40.
Qd4 $4 (40. Rc3 $16 $142) 40... Rxc2 $19 (40... Rxc2 41. Qxe5 41... dxe5 $19)
0-1

[Event "Bad Woerishofen op"]
[Site "Bad Woerishofen"]
[Date "2001.??.??"]
[Round "5"]
[White "Kleinhenz, Hans-Georg"]
[Black "Mijatovic, Vladimir"]
[Result "1/2-1/2"]
[WhiteElo "2038"]
[BlackElo "1734"]
[Annotator "ChessOrg"]
[PlyCount "46"]
[EventDate "1998.03.05"]
[Source "ChessBase"]
[SourceDate "1998.04.29"]

1. d4 {A80: Hollaendische Verteidigung} 1... f5 2. Bg5 g6 3. Nd2 Bg7 4. e3 Nf6
5. Bd3 5... Nc6 {letzter Buchzug} 6. h4 O-O 7. Bxf6 Rxf6 8. h5 g5 9. h6 Bxh6
10. Bxf5 Qf8 11. Qh5 (11. Be4 $5 $14 $142) 11... Rxf5 $15 12. Qxh6 Qxh6 13.
Rxh6 Kg7 14. Rh2 d5 15. c3 e5 16. Ne2 Rf7 17. Nf3 h6 18. dxe5 (18. Nxe5 $5
18... Nxe5 19. dxe5 $14) 18... g4 $11 19. Nfd4 Nxe5 20. Nf4 c6 21. Ke2 Bd7 (
21... g3 22. Nde6+ Bxe6 23. Nxe6+ Kg6 24. fxg3 $11) 22. Nh5+ (22. Rah1 22...
Rh8 $11) 22... Kh7 23. Rah1 (23. Nf4 $5 $11) 23... Rh8 (23... g3 24. fxg3 Bg4+
25. Kd2 Nc4+ 26. Kc1 26... Re8 $11) 1/2-1/2

[Event "Bad Woerishofen op"]
[Site "Bad Woerishofen"]
[Date "2001.??.??"]
[Round "7"]
[White "Kleinhenz, Hans-Georg"]
[Black "Luhn, Robert"]
[Result "0-1"]
[WhiteElo "2038"]
[BlackElo "1800"]
[Annotator "ChessOrg"]
[PlyCount "44"]
[EventDate "1998.03.05"]
[Source "ChessBase"]
[SourceDate "1998.04.29"]

1. d4 {D10: Damengambit (Slawische Verteidigung)} 1... d5 2. c4 c6 3. cxd5 cxd5
4. Nc3 Nf6 5. f3 {letzter Buchzug} 5... Nc6 6. e4 dxe4 7. d5 Ne5 8. fxe4 e6 9.
Qd4 Nfd7 10. dxe6 fxe6 11. Bb5 Qf6 12. Be3 b6 13. Qd2 Bb4 14. Nge2 O-O 15. Ng3
Bb7 16. Bg5 Qg6 17. Rf1 (17. Bxd7 Nxd7 18. Be7 Bxe7 19. Qxd7 $17) 17... Nc5 $17
18. Rxf8+ Rxf8 19. Be7 (19. Be3 Nxe4 20. Ngxe4 20... Bxe4 $19) 19... Ncd3+ (
19... Nxe4 20. Qd4 Bxe7 21. Ncxe4 $19) 20. Bxd3 $17 20... Bxe7 (20... Nxd3+ $6
21. Qxd3 Bxe7 22. Rd1 $17) 21. Rd1 (21. Be2 $17 $142) 21... Bh4 $19 (21...
Nxd3+ 22. Qxd3 Qh6 23. Qc4 Qe3+ 24. Qe2 Qg1+ 25. Kd2 Qxh2 26. Qg4 Qxg2+ 27.
Nce2 $19) 22. Qe3 (22. Nce2 Qf6 23. Qe3 $19) 22... Ng4 (22... Ng4 23. Qd4 23...
Nxh2 $19) (22... Nxd3+ $6 23. Qxd3 Qf7 24. Rd2 $17) 0-1

[Event "Bad Woerishofen op"]
[Site "Bad Woerishofen"]
[Date "2001.??.??"]
[Round "9"]
[White "Kleinhenz, Hans-Georg"]
[Black "Mueller, Gunter"]
[Result "1/2-1/2"]
[WhiteElo "2038"]
[BlackElo "1781"]
[Annotator "ChessOrg"]
[PlyCount "26"]
[EventDate "1998.03.05"]
[Source "ChessBase"]
[SourceDate "1998.04.29"]

1. d4 {A80: Hollaendische Verteidigung} 1... f5 2. Bg5 Nf6 3. Bxf6 exf6 4. e3
d5 5. Bd3 5... c6 {letzter Buchzug} 6. Qf3 g6 7. Ne2 Bd6 8. h4 h5 9. Nf4 Kf7
10. Nd2 Qa5 11. c3 Be6 (11... Nd7 12. Rh3 $11) 12. Ke2 Qc7 (12... Bxf4 13. Qxf4
Nd7 14. Qd6 $11) 13. g3 (13. Nxe6 Kxe6 14. c4 14... Re8 $14) 13... Nd7 (13...
Qe7 14. Rhc1 $11) 1/2-1/2

[Event "Bad Woerishofen op"]
[Site "?"]
[Date "2001.??.??"]
[Round "1"]
[White "Kniest, Oliver"]
[Black "Moehring, Norbert"]
[Result "1-0"]
[WhiteElo "2306"]
[BlackElo "1905"]
[Annotator "ChessOrg"]
[PlyCount "95"]
[EventDate "2000.??.??"]

1. d4 {A51: Budapester Gambit (Fajarowicz-Variante)} 1... Nf6 2. c4 e5 3. dxe5
Ne4 4. a3 b6 5. Nf3 Bb7 6. Nbd2 {letzter Buchzug} 6... g6 (6... Nxd2 7. Bxd2
Bc5 8. Qc2 $14) 7. Nxe4 Bxe4 8. Bg5 (8. e6 Bb7 9. exf7+ Kxf7 10. Ng5+ 10... Kg8
$16) 8... Be7 9. Bxe7 (9. Bh6 $5 $16) 9... Qxe7 $14 10. e3 O-O 11. Bd3 Bxd3 (
11... Bxf3 12. Qxf3 Nc6 13. Qf6 $11) 12. Qxd3 $16 12... Nc6 13. Qc3 Rfe8 14.
Rd1 Rad8 15. Rd5 Qe6 16. O-O Na5 (16... Ne7 17. Rd3 $16) 17. Rfd1 (17. Ng5 Qc6
18. Ne4 18... Re6 $16) 17... Nb7 $16 18. Ng5 Qg4 (18... Qf5 $5 19. f4 19... h6
$16) 19. f4 $18 19... Nc5 20. b4 c6 21. R5d4 (21. bxc5 $6 21... cxd5 22. Rxd5
Qe2 23. cxb6 23... axb6 $16) 21... h6 (21... Ne6 22. Nxe6 Rxe6 23. Qd2 $18 (23.
Rxd7 $6 23... Qxd1+ 24. Rxd1 Rxd1+ 25. Kf2 25... h6 $18)) 22. Nf3 (22. h3 $5
$142 22... Qh5 23. Nxf7 Kxf7 24. bxc5 24... Re6 $18) 22... Ne6 23. R4d2 (23.
Rxd7 Nxf4 24. exf4 Rxd7 25. Rxd7 25... Qxd7 $17) 23... g5 24. h3 (24. Rxd7 $6
24... Nxf4 25. exf4 Rxd7 26. Rxd7 Qxd7 27. fxg5 Qd1+ 28. Kf2 hxg5 29. Nxg5
29... Rd8 $11) 24... Qf5 (24... Qg3 25. f5 (25. Rxd7 $6 25... Rxd7 26. Rxd7
26... gxf4 $16) 25... Ng7 26. f6 $18) 25. Nd4 (25. Rxd7 $6 25... Rxd7 26. Rxd7
Nxf4 27. exf4 Qxd7 28. fxg5 28... h5 $14) 25... Nxd4 26. Rxd4 (26. exd4 gxf4
27. Rf2 d6 28. exd6 28... Rxd6 $16) 26... c5 27. bxc5 bxc5 28. Qd3 Qxd3 29.
R4xd3 (29. R1xd3 $2 29... cxd4 30. Rxd4 f6 31. exf6 Rxe3 32. fxg5 32... hxg5
$19) 29... Re6 30. Rxd7 Rxd7 31. Rxd7 Ra6 32. Rd3 f6 33. exf6 gxf4 34. exf4 Kf7
35. Kf2 Kxf6 36. Kf3 Rb6 37. Ke4 Ke7 38. Rg3 Rd6 39. Ke5 Rd4 40. Rg7+ Kf8 41.
Rxa7 Rxc4 42. f5 Rd4 43. f6 Rd2 (43... Rd3 $18) 44. g4 c4 45. Rc7 (45. Kf5
45... c3 $18) 45... Rd3 (45... Rd8 46. Kf5 c3 47. Rxc3 $18) 46. Kf5 Rxa3 (46...
Ke8 47. Kg6 47... Kd8 $18) 47. Kg6 Re3 48. Rc8+ (48. Rc8+ Re8 49. Rxe8+ Kxe8
50. Kg7 $18) 1-0

[Event "Bad Woerishofen op"]
[Site "Bad Woerishofen"]
[Date "2001.??.??"]
[Round "3"]
[White "Kniest, Oliver"]
[Black "Hoennekes, Klaus"]
[Result "1-0"]
[WhiteElo "2306"]
[BlackElo "2087"]
[Annotator "ChessOrg"]
[PlyCount "77"]
[EventDate "1998.03.05"]
[Source "ChessBase"]
[SourceDate "1998.04.29"]

1. d4 {B00: Damenfianchetto, Nimzowitsch-Verteidigung} 1... b6 2. e4 Bb7 3. Bd3
e6 4. Nf3 g6 5. c4 {letzter Buchzug} 5... Bg7 6. Nc3 f5 7. Bg5 Ne7 8. exf5 exf5
9. O-O h6 10. Bxe7 Kxe7 11. c5 (11. Re1+ 11... Kf7 $14) 11... Bxf3 (11... Re8
12. Re1+ Kf8 13. Rxe8+ Qxe8 14. Nb5 $11) 12. Qxf3 $14 12... Nc6 13. Qg3 Nxd4
14. Qxg6 Kf8 15. Bxf5 15... Qf6 $2 (15... bxc5 $5 16. f4 16... Rb8 $11) 16.
Qxf6+ $16 16... Bxf6 17. Bxd7 bxc5 18. Rad1 Rb8 19. Na4 Be7 (19... Rh7 20. Bh3
$14) 20. Rfe1 Rg8 21. Kf1 Rg5 22. f4 Rg7 23. g3 Bd6 24. Bh3 Kg8 25. Re3 Rf8 26.
Re4 a5 27. Kf2 h5 28. Rc1 h4 29. Nxc5 hxg3+ 30. hxg3 Rh7 31. Rxd4 (31. Bg2
31... Nf5 $18) 31... Rxh3 32. Kg2 Rh6 33. Ne4 Rb8 34. b3 Rb4 35. Rxb4 axb4 36.
Nxd6 cxd6 (36... Rxd6 37. Rxc7 Rd2+ 38. Kf3 Rxa2 39. Rb7 $18) 37. Rc4 Kf7 38.
Rxb4 Ke6 39. a4 (39. a4 Rh5 40. Rd4 $18) 1-0

[Event "Bad Woerishofen op"]
[Site "Bad Woerishofen"]
[Date "2001.??.??"]
[Round "5"]
[White "Kniest, Oliver"]
[Black "Bintakies, Michael"]
[Result "1/2-1/2"]
[WhiteElo "2306"]
[BlackElo "2204"]
[Annotator "ChessOrg"]
[PlyCount "39"]
[EventDate "1998.03.05"]
[Source "ChessBase"]
[SourceDate "1998.04.29"]

1. d4 {D10: Damengambit (Slawische Verteidigung)} 1... d5 2. c4 c6 3. Nc3 Nf6
4. e3 a6 5. Nf3 b5 6. b3 Bg4 7. Be2 Nbd7 8. O-O e6 9. Ne5 Bxe2 10. Nxe2 10...
Qc7 {letzter Buchzug} 11. Bb2 Bd6 12. f4 O-O (12... Ne4 13. cxb5 cxb5 14. Rc1
$11) 13. Rc1 Qb7 14. Rc2 Ne4 15. Nc1 (15. Nc3 15... Ndf6 $15) 15... f6 $15 16.
Nxd7 Qxd7 17. Nd3 Rac8 18. Qe2 Rfe8 19. Rfc1 Qb7 20. Qe1 1/2-1/2

[Event "Bad Woerishofen op"]
[Site "Bad Woerishofen"]
[Date "2001.??.??"]
[Round "7"]
[White "Kniest, Oliver"]
[Black "Naumkin, Igor"]
[Result "0-1"]
[WhiteElo "2306"]
[BlackElo "2446"]
[Annotator "ChessOrg"]
[PlyCount "74"]
[EventDate "1998.03.05"]
[Source "ChessBase"]
[SourceDate "1998.04.29"]

1. Nf3 {E14: Damenindisch (Zentralsystem)} 1... Nf6 2. d4 e6 3. e3 b6 4. Bd3
Bb7 5. O-O c5 6. c4 cxd4 7. exd4 Be7 8. Nc3 O-O 9. b3 d5 10. Bb2 Nc6 11. Rc1
Rc8 12. Qe2 {letzter Buchzug} 12... Re8 13. Rfd1 Bf8 14. h3 g6 15. Qe3 Ne7 16.
Rc2 (16. g4 16... Bg7 $11) 16... Nf5 17. Qe1 (17. Bxf5 $5 $142 17... exf5 18.
Ne5 $15) 17... dxc4 $17 18. Bxc4 Bxf3 19. gxf3 Bb4 (19... Nd5 20. Qe4 $17) 20.
Qf1 Bxc3 (20... Nxd4 $2 21. Rxd4 Qe7 22. Ne4 $18) 21. Rxc3 Nd5 (21... Nxd4 $6
22. Re3 e5 23. f4 $14) 22. Bxd5 (22. Rcc1 22... Qf6 $17) 22... Qxd5 23. Rxc8
Rxc8 24. Rc1 Rd8 25. Qe2 (25. Qd3 Nh4 26. Rc3 Qg5+ 27. Kf1 Qg2+ 28. Ke2 28...
Qxh3 $17) 25... Nxd4 (25... Nh4 26. Qe3 $19) 26. Bxd4 Qg5+ 27. Kh2 Rxd4 28.
Rc8+ Kg7 29. Rc4 Rd2 30. Qe1 Rxa2 31. Qc3+ Qf6 32. Qe3 Ra5 33. Rf4 (33. f4
33... Rc5 $19) 33... Qe5 34. Qxe5+ Rxe5 35. Ra4 a5 36. b4 axb4 37. Rxb4 b5 (
37... b5 38. Kg3 38... Kf6 $19) 0-1

[Event "Bad Woerishofen op"]
[Site "Bad Woerishofen"]
[Date "2001.??.??"]
[Round "9"]
[White "Kniest, Oliver"]
[Black "Wittfoth, Kai-Uwe"]
[Result "1-0"]
[WhiteElo "2306"]
[BlackElo "2141"]
[Annotator "ChessOrg"]
[PlyCount "83"]
[EventDate "1998.03.05"]
[Source "ChessBase"]
[SourceDate "1998.04.29"]

1. d4 {D23: Angenommenes Damengambit} 1... d5 2. c4 dxc4 3. Nf3 Nf6 4. Qa4+
Nbd7 5. g3 a6 6. Qxc4 {letzter Buchzug} 6... Rb8 (6... Nb6 $5 7. Qc2 7... Bg4
$11) 7. Bf4 $14 7... b5 8. Qxc7 Qxc7 9. Bxc7 Ra8 10. Bg2 Bb7 11. Bf4 e6 12. O-O
Rc8 13. Nbd2 Be7 14. Rfc1 O-O 15. Ne5 Bxg2 16. Nxd7 Nxd7 17. Kxg2 Nb6 18. Nf3
f6 19. Rxc8 Rxc8 20. Rc1 Rxc1 21. Bxc1 Kf7 22. Ne1 Ke8 23. Nd3 Kd7 24. Bd2 Nd5
25. Ba5 Bd6 26. e4 Ne7 27. e5 Nc6 28. exf6 (28. exd6 $143 28... Nxa5 29. Kf3
29... Nc6 $11) 28... gxf6 29. Bb6 a5 30. f4 a4 31. Kf3 Ne7 32. g4 Kc6 33. Bc5
Bxc5 34. dxc5 Kd5 35. g5 fxg5 36. fxg5 e5 37. Nf2 Kxc5 38. Ke4 Kd6 39. Ng4 Ng6
40. Nf6 Nf8 41. Kf5 a3 (41... Ng6 $5 $16 $142) 42. bxa3 $18 (42. bxa3 Ng6 43.
Nxh7 Nh4+ 44. Kg4 $18) 1-0

[Event "Bad Woerishofen op"]
[Site "Bad Woerishofen"]
[Date "2001.??.??"]
[Round "2"]
[White "Koscielski, Janusch"]
[Black "Kroencke, Manfred"]
[Result "1/2-1/2"]
[WhiteElo "2358"]
[BlackElo "2161"]
[Annotator "ChessOrg"]
[PlyCount "58"]
[EventDate "1998.03.05"]
[Source "ChessBase"]
[SourceDate "1998.04.29"]

1. e4 {B47: Sizilianisch (Paulsen/Taimanow-Variante)} 1... c5 2. Nf3 e6 3. d4
cxd4 4. Nxd4 Nc6 5. Nc3 Qc7 6. Nxc6 bxc6 7. Bd3 Nf6 8. O-O Be7 9. f4 9... Ba6 {
letzter Buchzug} 10. Bxa6 Qb6+ 11. Kh1 Qxa6 12. e5 Ng4 13. Bd2 f5 14. exf6 Nxf6
15. Re1 O-O 16. f5 Qc4 17. fxe6 Qh4 18. h3 d5 19. Be3 Bb4 20. Bd4 Rae8 21. Re5
Bxc3 (21... Bd6 22. Re2 Nh5 23. Rd2 $17) 22. bxc3 Ne4 23. Qe1 (23. Qd3 Qf6 24.
e7 24... Rf7 $11 (24... Rxe7 $2 25. Rxe4 dxe4 26. Bxf6 exd3 27. Bxe7 $18))
23... Qf4 (23... Qh6 $5 $11) 24. Qe3 $14 24... Qh4 (24... Qxe3 25. Bxe3 Rf6 26.
Bxa7 Rfxe6 27. Rxe6 Rxe6 28. a4 $14) 25. Re1 Rf4 26. Kh2 Nf2 27. Kg1 (27. Bxa7
$4 27... Ng4+ 28. Kg1 Nxe3 29. R5xe3 29... Rf2 $19) 27... Ne4 28. Kh2 (28. Bxa7
$142 28... Rf6 29. e7 $18) 28... Nf2 $11 29. Kg1 (29. Bxa7 $4 29... Ng4+ 30.
Kg1 Nxe3 31. R5xe3 31... Rf2 $19) 29... Ne4 1/2-1/2

[Event "Bad Woerishofen op"]
[Site "Bad Woerishofen"]
[Date "2001.??.??"]
[Round "4"]
[White "Koscielski, Janusch"]
[Black "Duckstein, Torsten"]
[Result "1-0"]
[WhiteElo "2358"]
[BlackElo "1865"]
[Annotator "ChessOrg"]
[PlyCount "65"]
[EventDate "1998.03.05"]
[Source "ChessBase"]
[SourceDate "1998.04.29"]

1. e4 {C09: Franzoesische Verteidigung (Tarrasch-Variante)} 1... e6 2. d4 d5 3.
Nd2 c5 4. Ngf3 Nc6 5. exd5 exd5 6. Bb5 Bd6 7. O-O Nge7 8. dxc5 Bxc5 9. Nb3 Bd6
10. c3 O-O 11. Bd3 Bf5 12. Bg5 {letzter Buchzug} 12... Bxd3 13. Bxe7 Nxe7 14.
Qxd3 Qd7 15. Nbd4 h6 16. Rfe1 Rad8 17. Rad1 a6 18. g3 Rfe8 19. Re2 Bb8 20. Rde1
Nc6 21. Nxc6 Rxe2 22. Qxe2 Qxc6 23. Nd4 Qd7 24. Qf3 Ba7 25. Nf5 Re8 (25... Bc5
26. Qg4 g6 27. Nxh6+ Kg7 28. Qxd7 28... Rxd7 $14) 26. Rd1 (26. Qg4 $5 $142
26... Rxe1+ 27. Kg2 Qxf5 28. Qxf5 $18) 26... Re5 (26... Qe6 $5 27. Kg2 27...
Rd8 $14) 27. Rxd5 $1 $16 27... Re1+ (27... Qxd5 28. Ne7+ $18) 28. Kg2 Qe8 29.
Qg4 29... g6 $2 (29... Qe4+ $142 30. Qxe4 30... Rxe4 $16) 30. Nxh6+ $18 30...
Kh7 31. Qh4 (31. Nxf7 Qxf7 32. Rd7 Re7 33. Qh4+ Kg8 34. Qxe7 Qxf2+ 35. Kh3 Qf5+
36. g4 Qf3+ 37. Kh4 Bf2+ 38. Kg5 Be3+ 39. Kh4 Bf2+ 40. Kg5 Be3+ 41. Kh4 41...
Bf2+ $11) 31... g5 $2 (31... Qc6 32. Ng4+ 32... Kg8 $18) 32. Rxg5 (32. Qxg5 $5
32... f6 33. Qf5+ 33... Kg7 $18) 32... Rg1+ (32... Qe4+ 33. Qxe4+ 33... Rxe4
$18) 33. Kh3 (33. Kh3 Rxg3+ 34. fxg3 Qe6+ 35. Nf5+ Qh6 36. Qxh6#) 1-0

[Event "Bad Woerishofen op"]
[Site "Bad Woerishofen"]
[Date "2001.??.??"]
[Round "6"]
[White "Koscielski, Janusch"]
[Black "Vossenkuhl, Joachim"]
[Result "1-0"]
[WhiteElo "2358"]
[BlackElo "2147"]
[Annotator "ChessOrg"]
[PlyCount "47"]
[EventDate "1998.03.05"]
[Source "ChessBase"]
[SourceDate "1998.04.29"]

1. e4 {B36: Sizilianisch (Maroczy-Aufbau)} 1... c5 2. Nf3 Nc6 3. d4 cxd4 4.
Nxd4 g6 5. c4 Nf6 6. Nc3 d6 7. Be2 Nxd4 8. Qxd4 Bg7 9. Bg5 O-O 10. Qd2 Be6 11.
O-O Qa5 12. Rac1 Rfc8 13. b3 13... b5 {letzter Buchzug} 14. cxb5 h6 15. Nd5
Qxd2 16. Nxf6+ (16. Bxd2 Nxd5 17. exd5 Bxd5 18. Rxc8+ 18... Rxc8 $14) 16...
Bxf6 17. Bxd2 Kg7 18. Rxc8 (18. Be3 18... h5 $16) 18... Rxc8 19. Rc1 Rxc1+ 20.
Bxc1 Bd4 21. Kf1 f5 22. Bd3 fxe4 23. Bxe4 Bd7 24. Bc6 (24. Bc6 Be6 25. f4 $16)
1-0